| 000 | 01329nam a2200325 a 4500 | ||
|---|---|---|---|
| 001 | 000046075 | ||
| 003 | DO-SdBNP | ||
| 005 | 20240715140508.0 | ||
| 007 | ta | ||
| 008 | 120203s2014 dr a 001 0 spa d | ||
| 020 | _a9789945586053 | ||
| 040 |
_aDO-SdBNP _bspa _cBNPHU |
||
| 082 | 4 |
_a972.9303 _bC343r 2014 _222 |
|
| 100 | 1 |
_aCassá, Roberto, _d1948- _910888 |
|
| 245 | 1 | 0 |
_aRebelión de los capitanes : _bviva el rey y muera el mal gobierno / _cRoberto Cassá ; presentación Rafael Morla ; prólogo Raymundo González. |
| 250 | _a2a. ed. | ||
| 260 |
_aSanto Domingo : _bArchivo General de la Nación : _bUniversidad Autónoma de Santo Domingo, _c2014. |
||
| 300 |
_a532 p. : _bil. ; _c23 cm. |
||
| 490 | 1 |
_aArchivo General de la Nación _v210 |
|
| 500 | _aIncluye índice onomástico | ||
| 500 | _aIncluye referencias bibliográficas y notas al pie de las páginas. | ||
| 590 | _aInventariado, 2022/MFF | ||
| 651 | 4 |
_aRepúblia Dominicana _xHistoria _yHasta 1844 _954407 |
|
| 651 | 4 |
_aSantiago de los Caballeros (República Dominicana) _xHistoria _91301 |
|
| 700 | 1 |
_aMorla, Rafael _epres. _933792 |
|
| 700 | 2 |
_aGonzález, Raymundo _epról. _96373 |
|
| 830 | 0 |
_aPublicaciones del Archivo General de la Nación (República Dominicana) _n210 _974146 |
|
| 910 | _aInventariado. Control de calidad MFF | ||
| 942 |
_2ddc _cLBS1 |
||
| 999 |
_c45564 _d45564 |
||